1197 1155 1692 1122 1993 1050 1937 1975 1073 1847 1083 1540 1713 1372 1047 1966 1914 1187 1436 1688 1048 1487 1854 1949 1701 1009 1552 1916 1489 1523 1436 1782 1609 1955 1278 1472 1380 1312 1421 1162 1055 1906 1722 1873 1108 1748 1885 1895 1498 1537 1491 1102 1969 1106 1675 1511 1440 1337 1237 1373 1606 1892 1650 1984 1635 1924 1530 1998 1440 1889 1371 1844 1817 1974 1391 1400 1467 1487 1078 1265 1992 1840 1214 1020 1940 1768 1309 1122 1793 1179 1443 1180 1872 1027 1138 1665 1480 1651 1340 BCNSPRNW ULIB Ver.6.0+V

เปลี่ยนเป็นภาษาไทย

Change to English
 แสดงรายละเอียดบรรณานุกรม
  กลับหน้าหลัก

Brief Record : Get Marc (ISO 2709) : E-mail record : QR code < ปิดหน้าต่าง
LEADER : 00000nam 2200000uu 4500
001    13399127515
003     ULIB
008    201207s2551||||th 000 0 tha d
020    ^a9749813677
020    ^a9789749813676
060 04 ^aWT120^bผ255ก
100 0  ^aผ่องพรรณ อรุณแสง
245 10 ^aการประเมินภาวะสุขภาพผู้ใหญ่และผู้สูงอายุสำหรับพยาบาล /^cผ่องพรรณ อรุณแสง
250    ^aพิมพ์ครั้งที่ 4
260    ^aกรุงเทพฯ :^bโรงพิมพ์คลังนานาวิทยา,^c2551
300    ^aก-ฐ, 232 หน้า :^bภาพประกอบ ;^c26 ซม.
650  7 ^aการตรวจร่างกาย
650  7 ^aผู้สูงอายุ^xสุขภาพและอนามัย^xการประเมิน
650  7 ^aผู้ใหญ่^xสุขภาพและอนามัย^xการประเมิน
945    ^p200^l0^i024038
995    ^aวิภา
999 ^a ใช้งานได้ทุกระบบ
รายการนี้ยังไม่มีแท็ก
คุณยังไม่ได้ล็อกอิน คุณสามารถมีกิจกรรมร่วมกับเว็บไซต์ได้ แต่ต้องล็อกอินก่อน ::
  ล็อกอิน

รายการสื่อสารสนเทศ

ลำดับที่ ประเภท เลขเรียก/บาร์โค้ด สถานที่ สถานะ
1. วิทยาศาสตร์การแพทย์ และสุขภาพ
วิทยาศาสตร์การแพทย์ และสุขภาพ
WT120 ผ255ก ฉ.6 
  Barcode: 024038
ห้องสมุดวิทยาเขตสวรรค์ประชารักษ์
►หนังสือทั่วไป
บนชั้น

รายการใกล้เคียง
    ผู้แต่ง [ผ่องพรรณ อรุณแสง]

    หัวเรื่อง [การตรวจร่างกาย]

BibComment


ยังไม่เคยถูกคอมเมนท์

คอมเมนท์ทรัพยากรรายการนี้
  คอมเมนท์: การประเมินภาวะสุ..


 Copyright 2026. Bcnsprnw @Library